Statistics for The World Of the Shadowhunters

Click here to take the quiz!

General Stats

  • This quiz has been taken 655 times
  • The average score is 7 of 15

Answer Stats

HintAnswer% Correct
Alec
98%
Clary
98%
Jace
98%
Isabelle
90%
Simon
84%
Valentine
66%
Magnus Bane
52%
Max
52%
Raphael
44%
Lucian
24%
Hodge
20%
Church
3%
Madame Dorothea
2%
Pangborn
2%
Silent Brothers
1%

Score Distribution

Percentile by Number Answered

Percent of People with Each Score

Your Score History

You have not taken this quiz